| 000 | 00926nam a2200289 a 4500 | ||
|---|---|---|---|
| 001 | vtls001559406 | ||
| 003 | NLI | ||
| 005 | 20210627154539.0 | ||
| 008 | 121213m1980uuuudcu n f000 0 eng | ||
| 039 | 9 |
_y201212131739 _zVLOAD |
|
| 040 |
_aNLI _beng _cDatasoft_FOD_7 _eAACR2 |
||
| 041 | 0 | _aeng | |
| 044 | _a dcu | ||
| 082 | 0 | 4 | _a 362.10973 |
| 245 | 0 | 0 |
_aStand / _cUnited States, Department of Health and Human Services |
| 260 |
_aWashington, D.C. : _bU.S. Government Printing Office, _c1980- |
||
| 300 |
_a-v. ; _c26 cm. |
||
| 500 | _aLibrary has Vol. 17 | ||
| 650 | 0 |
_aHealth surveys _zUnited States _9730494 |
|
| 650 | 0 |
_aMedical care _xUtilization _zUnited States _9730493 |
|
| 887 | _a | ||
| 901 |
_aAD 101115 _b29.09.2010 _9v.17, no.1 |
||
| 902 | _aU.S 362.10973 St 24 | ||
| 904 | _lE 3849 | ||
| 949 |
_AVIRTUAITEM _D10002 _X100 _6FOD000101115ENG _9v.17 no.1 |
||
| 942 |
_00 _10 _40 _70 _aNLI _bNLI _yBKS _d- |
||
| 999 |
_aVIRTUA40 _c1009155 _d1009155 |
||